| 000 | 00349nam a22001337a 4500 | ||
|---|---|---|---|
| 020 | _qHB. | ||
| 040 | _cFIZZA ISHAQ | ||
| 082 |
_a320.15 _bROB |
||
| 100 |
_aKOULISH,ROBERT. _9132256 |
||
| 245 |
_aPRINCIPLES OF GOVERNMENT AND POLITICS / _cROBERT KOULISH |
||
| 260 |
_aNEW YORK ; _bPEARSON, _c2011. |
||
| 300 |
_a490 P. ; _c9.7X7.4IN |
||
| 942 |
_2ddc _cBK |
||
| 999 |
_c615500 _d615500 |
||